00911nam a2200241Ia 4500001000700000003000500007008004100012010001100053040000900064082001600073100002300089245010300112260003700215300001100252500009000263503006900353650004200422650003400464650003600498650002300534700003100557710008100588Z_1124CHAP220113s1968 xx 000 0 und d a164205 cCHAP a636.087 U53 aUnderwood, Eric J. aLos minerales en la nutrición del ganado /cEric J. Underwood; traducciónPedro Ducar Maluenda aEspaña :bFAO; Acribia,c1968 a210 p. aTraducción de la obra en inglés: The mineral nutrition livestock, 2th ed. de 1981 aej.1: 0252 \ ej.2: Perdido \ ej.3: 0254 \ ej.4: s/n \ ej.5: 0253 aAlimentos y alimentación del ganado aAnimalesxElementos minerales aMinerales en nutrición animal aNutrición animal aDucar Maluenda, Pedro, tr. aOrganización de la Naciones Unidas para la Agricultura y la Alimentación